| 000 | 01883nam a22002297a 4500 | ||
|---|---|---|---|
| 003 | 0 | ||
| 005 | 20241012100717.0 | ||
| 008 | 241012b xxu||||| |||| 00| 0 eng d | ||
| 020 | _a9780367186845 | ||
| 050 |
_aPN 1995 _b.B46 2024 |
||
| 100 |
_aBenshoff, Harry M., _eauthor. |
||
| 245 |
_aFilm and television analysis : _ban introduction to methods, theories, and approaches / _cHarry M. Benshoff ; with Caryn Murphy. |
||
| 250 | _a2nd ed. | ||
| 260 |
_aNew York, NY : _bRoutledge, _c2024. |
||
| 300 |
_axviii, 430 p. : _bcol. ill. ; _c26 cm. |
||
| 504 | _aIncludes bibliographical references and index. | ||
| 520 | _a"This fully revised second edition textbook is especially designed to introduce undergraduate students to the most important qualitative methodologies used to study film and television. The methodologies covered in Film and Television Analysis include: ideological analysis, auteur theory, genre theory, semiotics and structuralism, psychoanalysis and apparatus theory, feminism, postmodernism, cultural studies (including reception and audience studies), and contemporary approaches to race, nation, gender, and sexuality. With each chapter focusing on a distinct methodology, students are introduced to the historical developments of each approach, along with its vocabulary, significant scholars, key concepts and case studies. Features of the second edition include: new and updated case studies to accompany each chapter over 130 color images throughout questions for discussion at the end of each chapter suggestions for further reading a glossary of key terms Written in a reader-friendly manner Film and Television Analysis is a vital textbook for students encountering these concepts for the first time"--Provided by publisher. | ||
| 650 | _aFilm criticism. | ||
| 650 | _aTelevision criticism. | ||
| 700 |
_aMurphy, Caryn, _eauthor. |
||
| 942 |
_2lcc _cBK |
||
| 999 |
_c366524 _d366524 |
||